000 00939nam a2200277Ia 4500
003 OSt
005 20220926012207.0
006 a|||||r|||| 00| 0
007 ta
008 220923b |||||||| |||| 00| 0 eng d
020 _a9781785337185
_c1712.28
037 _bKS/2017-18/046, 09/03/2018, KADMIEL SOLUTIONS
_cGeneral Book
040 _aRTL
_cRTL
_beng
041 _2eng
_aeng
082 _aY7(W), Q8
100 _aLASZCZKOWSKI Mateusz
_9315759
245 0 _aAffective states
_b Entanglements, suspensions, suspicions
260 _aNew York
_bBerghahn Books
_c2018
300 _ax,148p
_ccm.
490 _aAdvances in International Marketing; Vol.12
500 _aBibliography chapterwise
650 _aSociology
700 _a REEVES Madeleine
_9315760
942 _hY7(W), Q8
_cGB
_2CC
999 _c622022
_d622022